000 00350nam a2200145Ia 4500
008 230917s9999||||xx |||||||||||||| ||und||
040 _e98258
_aMAIN
041 _aEnglish
082 _a327.54073 E455P
100 _aChopra, V D
245 0 _aPentagon shadow and India
260 _aNew Delhi
_bPatriot
_c1985
300 _axvi, 223 p.
942 _cBK
999 _c50165
_d50165